000 01026nam a2200241Ia 4500
999 _c6353
_d6353
003 OSt
005 20200507102058.0
008 191128s1989 ck gr 000 0dspa d
040 _aCO-JMCR
_cCO-JMCR
041 0 _aspa
082 0 4 _a307.01416 /
_bS939b
100 1 _aSuárez, Hernán,
_eeditor
_94051
245 1 0 _aBogotá en documentos :
_bbibliografía /
_ceditado Hernán Suárez
260 _aBogotá :
_bForo Nacional por Colombia : Instituto Frances de Estudios Andinos,
_c1989
300 _a191 páginas
_c24 cm.
490 0 _aCiudad y democracia
500 _aIncluye índice de autores.
500 _aIncluye índice temático.
520 _aLa presente recopilación es uno de los productos de la investigación sobre políticas y gestión urbana de Bogotá 1968-1987; investigación realizada mediante convenio entre el Instituto Francés de Estudios Andinos, IFEA.
650 1 4 _aDesarrollo urbano Urbanismo
_94052
650 2 4 _aCondiciones económicas
_xAdministración pública
_94053
942 _2ddc
_cBK